Θερμοδυναμική - Εντρόπια - Ταλαντώσεις / Θεωρία - Προβλήματα (Record no. 5758)
[ view plain ]
| 000 -LEADER | |
|---|---|
| fixed length control field | 01374cam a22002054a 4500 |
| 005 - ΗΜΕΡΟΜΗΝΙΑ ΚΑΙ ΩΡΑ ΤΕΛΕΥΤΑΙΑΣ ΕΝΗΜΕΡΩΣΗΣ | |
| Πεδίο ελέγχου | 20250605164221.0 |
| 008 - FIXED-LENGTH DATA ELEMENTS--GENERAL INFORMATION | |
| Πεδίο ελέγχου σταθερού μήκους | 250528s ||||||||||||||||||||||||d |
| 035 ## - SYSTEM CONTROL NUMBER | |
| System control number | 20672 |
| 020 ## - ISBN | |
| ISBN | 9607343522 |
| 040 ## - ΠΗΓΗ ΚΑΤΑΛΟΓΟΓΡΑΦΗΣΗΣ | |
| Φορέας πρωτότυπης καταλογογράφησης | MC Athens Campus Library |
| Γλώσσα καταλογογράφησης | Ελληνικά, Μοντέρνα (1453-) |
| Modifying agency | MC Athens Campus Library |
| Κανόνες περιγραφικής καταλογογράφησης | AACR2 |
| 245 1# - ΤΙΤΛΟΣ ΚΑΙ ΔΗΛΩΣΗ ΥΠΕΥΘΥΝΟΤΗΤΑΣ | |
| Τίτλος | Θερμοδυναμική - Εντρόπια - Ταλαντώσεις / Θεωρία - Προβλήματα |
| 260 ## - PUBLICATION, DISTRIBUTION, ETC. | |
| Name of publisher, distributor, etc. | Σαββάλας, |
| Date of publication, distribution, etc. | 1994 |
| 300 ## - PHYSICAL DESCRIPTION | |
| Extent | 256 |
| 520 ## - SUMMARY, ETC. | |
| Summary, etc. | Θερμοδυναμική, Μεταβολές Ιδανικών Αερίων, Αντιστρεπτές Μεταβολές, Έργο και Θερμότητα, Θερμοδυναμικός Νόμος, Κινητική Θεωρία, Εντροπία, Προβλήματα για Επανάληψη, Ταλαντώσεις, Γραμμική Αρμονική Ταλάντωση, Δύναμη και Ενέργεια, Οριζόντιο Ελατήριο, Κατακόρυφο Ελατήριο, Κρούση και γ.α.τ., Σώματα που κάνουν γ.α.τ., Απλό Εκκρεμές, Κύκλωμα LC, Φθίνουσα και Εξαναγκασμένη Ταλάντωση, Σύνθεση Ταλαντώσεων, Προβλήματα για Επανάληψη. |
| 700 1# - ΠΡΟΣΘΕΤΗ ΑΝΑΓΡΑΦΗ--ΦΥΣΙΚΟ ΠΡΟΣΩΠΟ | |
| Personal name | Σαββάλας Άγγελος |
| 9 (RLIN) | 6624 |
| 700 1# - ΠΡΟΣΘΕΤΗ ΑΝΑΓΡΑΦΗ--ΦΥΣΙΚΟ ΠΡΟΣΩΠΟ | |
| Personal name | Σαββάλας Σπύρος |
| 9 (RLIN) | 6625 |
| 942 ## - ADDED ENTRY ELEMENTS (KOHA) | |
| Koha item type | Books |
| Τύπος τεκμηρίου | Βιβλιοθήκη | Τρέχουσα τοποθεσία | Barcode | Αριθμός εισαγωγής | Ημερομηνία απόκτησης | Ταξιθετικό σύμβολο | Αριθμός αντιτύπου | Κατάσταση απόσυρσης | Κατάσταση χαμένου | Κατάσταση κατεστραμμένου | Μη δανεισμός | Σύνολο δανεισμών | Ημερομηνία τελευταίας εμφάνισης | Η τιμή ισχύει από |
|---|---|---|---|---|---|---|---|---|---|---|---|---|---|---|
| Books | MC Athens Campus Library | MC Athens Campus Library | 9780000057570 | 7271 | 05/06/2025 | 621.4021 SAV | 1 | 05/06/2025 | 05/06/2025 |